Comunicaciones del XV simposio de derecho matrimonial canónico

محفوظ في:
التفاصيل البيبلوغرافية
التنسيق: كتاب
اللغة:الإسبانية
الإيطالية
منشور في: Salamanca Universidad Pontificia de Salamanca 2000
سلاسل:Monografías de Derecho Canónico, 57
الموضوعات:
الوسوم: إضافة وسم
لا توجد وسوم, كن أول من يضع وسما على هذه التسجيلة!

MARC

LEADER 00000nam a2200000 a 4500
001 UCL3239
003 CL-VaPUC
005 20240401121856.0
008 031114e20000000sp 1 spa d
020 |a 8472994856 
041 0 7 |a spa  |2 CL-VaPUC 
041 0 7 |a ita  |2 CL-VaPUC 
082 0 4 |a 262.933  |b COM  |2 21 
245 1 0 |a Comunicaciones del XV simposio de derecho matrimonial canónico 
260 |a Salamanca  |b Universidad Pontificia de Salamanca  |c 2000 
300 |a 185 p 
490 0 |a Monografías de Derecho Canónico, 57 
583 |a last modification  |c 20031114 00:00:00  |k Rodrigo Vera 
650 0 7 |a DERECHO CANONICO  |2 CL-VaPUC  |9 620403 
650 0 7 |a MATRIMONIO  |2 CL-VaPUC  |9 620404 
650 0 0 |a Sacramentos   |9 257270 
650 0 0 |a Familias   |9 255641 
650 0 0 |a Derecho de familia  |9 255603 
942 |c BK 
945 |a cmena  |d 20031114 00:00:00 
546 |a En Español 
546 |a En Italiano 
536 |a Universidad Pontificia de Salamanca 
518 |p Simposio de Derecho Matrimonial Canónico, 15, Salamanca, 13 al 17 de septiembre de 1999 
999 |c 383926  |d 383924 
952 |0 0  |1 0  |4 0  |6 262_933000000000000_COM_2000  |7 0  |8 A  |9 506252  |a BIBDER  |b BIBDER  |d 2020-01-23  |i 3965929  |l 2  |m 5  |o 262.933 COM 2000  |p 3965929  |r 2023-08-18  |s 2023-08-14  |w 2020-01-23  |y BK  |k DER